000 00918nas a2200265 4500
001 BR8708189
003 BR-BrBNA
005 20231205091003.0
007 ta
008 230509b bl.|||p| |||| 00| 00por d
040 _aBR-BrBNA
_bpor
_cBiblioteca Nacional de Agricultura
041 _a(Pt)
072 _aM40
100 1 _aFausto Filho, J.
100 1 _aMoura, A.L.L.
245 1 _aBioecologia dos crustaceos ocipodideos do genero Uca Leach, do estuario do rio Coco, no municipio de Fortaleza, Ceara, Brasil
246 1 _aBioecology of the genus Uca leach, ocypodidae crustaceous, of the Cocoriver estuary at Fortaleza, Ceara, Brazil
650 _aCRUSTACEO
650 _aECOLOGIA AQUATICA
650 _aESTUARIO
650 _aCEARA
773 0 _tCiencia Agronomica (Brazil)
_xISSN 0045-6888
_g(Jun 1986), v. 17(1) p. 1-12
_wBR8708189
909 _a202311
_bLúcia
_c55
_dLúcia Elande
942 _2AGRIS
_n0
_cANA
999 _c122046
_d122046